000 00897cam a22002411 4500
001 agr41000491
003 DLC
005 20260227111000.0
008 770906s1941 xx 000 0 eng
010 _aagr41000491
035 _a(OCoLC)3245051
040 _aDLC
_cOC
_dDLC
042 _apremarc
050 0 0 _aSD555
_b.U6 1940
110 1 _aUnited States.
_bForest Service.
245 1 0 _aNational forest scaling handbook.
260 _aWashington,
_bU.S. Govt. print. off.,
_c1941.
300 _av, 119 p. incl. illus., tables.
_c20 cm.
500 _aAt head of title: Revised May 1940, United States Department of agriculture, Forest service.
500 _aRevised edition of Instructions for the scaling and measurement of national-forest timber, originally issued Sept. 1916 and revised Oct. 1935.
650 0 _aForests and forestry
_xMeasurement.
740 0 _aForest scaling handbook.
999 _c10138
_d10138